000 00452nam a2200193Ia 4500
005 20250423100618.0
008 250422s9999 xx 000 0 und d
020 _a978-0-13-504079-9
050 _aHB 172 .C36/
100 _aKarl E Case
245 0 _aPrinciple of Micro Economics
250 _a9th ed.
260 _aNew jersey
260 _bPearson Education
260 _c2009
300 _a487 p
650 _aMicro Economics
942 _cBK
999 _c33827
_d33827